| 000 | 00553nam a2200205 a 4500 | ||
|---|---|---|---|
| 005 | 20210219153049.0 | ||
| 008 | 991125n 000 0 spa u | ||
| 035 | _aUPN01000075337 | ||
| 100 | _aSANDOVAL ARAGON, Sergio | ||
| 222 | _aSINECTICA | ||
| 245 | _aEl posgrado para el magisterio y las nuevas formas del control magisterial | ||
| 300 | _a83-91 | ||
| 362 | _a2000 (17) | ||
| 653 | 0 | _aEDUCACION PUBLICA | |
| 653 | 0 | _aESTUDIOS DE POSGRADO | |
| 653 | 0 | _aJALISCO, MEXICO | |
| 653 | 0 | _aMAESTROS | |
| 904 |
_aAC _b013148 |
||
| 905 | _aArticulo | ||
| 999 |
_c67478 _d67478 |
||